| Tag |
First Indicator |
Second Indicator |
Subfields |
| LEADER |
00000cam a2200000 4500 |
| 001 |
in00000074428 |
| 005 |
20151008052609.0 |
| 008 |
721128s1949 nyu b 00000 eng u |
| 010 |
|
|
|a 49007697
|
| 035 |
|
|
|a (OCoLC)00502863
|
| 035 |
|
|
|9 AAH4048AM
|
| 040 |
|
|
|c CSU
|d TXA
|d UtOrBLW
|
| 049 |
|
|
|a TXAM
|c [164739]
|
| 050 |
|
0 |
|a HV97.J8
|b E5
|
| 082 |
0 |
|
|a 361.73
|
| 092 |
|
|
|a 361.73
|b E53i
|
| 100 |
1 |
|
|a Embree, Edwin Rogers,
|d 1883-1950.
|
| 245 |
1 |
0 |
|a Investment in people ;
|b the story of the Julius Rosenwald Fund /
|c by Edwin R. Embree and Julia Waxman.
|
| 250 |
|
|
|a [1st ed.].
|
| 264 |
|
1 |
|a New York :
|b Harper,
|c [1949]
|
| 300 |
|
|
|a viii, 291 pages :
|b portrait ;
|c 22 cm.
|
| 336 |
|
|
|a text
|b txt
|2 rdacontent
|
| 337 |
|
|
|a unmediated
|b n
|2 rdamedia
|
| 338 |
|
|
|a volume
|b nc
|2 rdacarrier
|
| 504 |
|
|
|a "Publications by officers of the fund": pages 281-291.
|
| 600 |
1 |
0 |
|a Rosenwald, Julius,
|d 1862-1932.
|
| 610 |
2 |
0 |
|a Julius Rosenwald Fund.
|
| 700 |
1 |
|
|a Waxman, Julia.
|
| 999 |
|
|
|a MARS
|
| 999 |
f |
f |
|s 34049bb2-b279-3cdb-9732-88f45fb84885
|i 19cc4fbb-2e00-38c9-9ffb-71aec68fc416
|t 0
|
| 952 |
f |
f |
|p ric
|a Texas A&M University
|b Rellis Campus
|c Joint Library Facility
|d Remote Storage
|t 0
|e HV97.J8 E5
|h Library of Congress classification
|i unmediated -- volume
|m A14800809168
|
| 998 |
f |
f |
|a HV97.J8 E5
|t 0
|l Remote Storage
|